书目信息 |
| 题名: |
英汉化学化工常用词汇
|
|
| 作者: | 朱洪法 编 | |
| 分册: | ||
| 出版信息: | 北京 商务印书馆 1983 |
|
| 页数: | 611页 | |
| 开本: | 14cm | |
| 丛书名: | ||
| 单 册: | ||
| 中图分类: | O6-61 | |
| 科图分类: | ||
| 主题词: | 化学--词汇--英-汉 , 化学工业--词汇--英-汉 | |
| 电子资源: | ||
| ISBN: | ||
| 000 | 00637nam0 2200229 45 | |
| 001 | 0183012207 | |
| 005 | 20041122162917.0 | |
| 010 | @b精装@dCNY1.50 | |
| 091 | @a9017.1215 | |
| 100 | @a19950607d1983 km y0chiy0121 ea | |
| 101 | 0 | @achi |
| 102 | @aCN@b110000 | |
| 105 | @ay e 000yy | |
| 200 | 10 | @a英汉化学化工常用词汇@Aying han hua xue hua gong chang yong ci hui@f朱洪法编@FZhu Hong Fa Bian |
| 210 | @a北京@c商务印书馆@d1983 | |
| 215 | @a611页@d14cm | |
| 606 | @a化学@x词汇@x英-汉 | |
| 606 | @a化学工业@x词汇@x英-汉 | |
| 690 | @aO6-61@v4 | |
| 701 | 0 | @a朱洪法@4编 |
| 801 | 2 | @aCN@bNLC@c20040921 |
| 905 | @f1@b174665@dO6-61@e152 | |
| 英汉化学化工常用词汇/朱洪法编.-北京:商务印书馆,1983 |
| 611页;14cm |
| ISBN (精装):CNY1.50 |
| ● |
| 相关链接 |
|
|
|
|
正题名:英汉化学化工常用词汇
索取号:O6-61/152
 
预约/预借
| 序号 | 登录号 | 条形码 | 馆藏地/架位号 | 状态 | 备注 |
| 1 | 0174665 | 000556348 | 第三借阅区/ [索取号:O6-61/152] | 在馆 | |
| 2 | 0174666 | 000556277 | 第二样本阅览室/ [索取号:O6-61/152] | 在馆 |